Isu-isu perundangan Islam dalam mahkamah sivil : kajian kes /
Saved in:
| Main Author: | |
|---|---|
| Format: | Thesis |
| Language: | English |
| Published: |
Petaling Jaya
: Universiti Islam Antarabangsa Malaysia,
1993
|
| Subjects: | |
| Online Access: | Click here to view 1st 24 pages of the thesis. Members can view fulltext at the specified PCs in the library. |
| Tags: |
Add Tag
No Tags, Be the first to tag this record!
|
| LEADER | 018350000a22003610004500 | ||
|---|---|---|---|
| 001 | 71093 | ||
| 005 | 20230417161027.0 | ||
| 008 | 930826s1993 eng | ||
| 035 | |a 261771 | ||
| 035 | |a (Sirsi) 71093 | ||
| 040 | |a UIAM |b eng | ||
| 050 | |a BP159M4 | ||
| 100 | 1 | |a Nassir Abdul Aziz |9 69348 | |
| 245 | 1 | 0 | |a Isu-isu perundangan Islam dalam mahkamah sivil : |b kajian kes / |c oleh Nassir Hj. Abdul Aziz |
| 260 | 1 | |a Petaling Jaya |b : Universiti Islam Antarabangsa Malaysia, |c 1993 | |
| 300 | |a 90 p. | ||
| 336 | |2 rdacontent | ||
| 337 | |2 rdamedia | ||
| 338 | |2 rdacarrier | ||
| 500 | |a "Kertas projek ini dikemukakan untuk memenuhi sebahagian daripada syarat memperolehi Diploma Undang-undang dan Pentadbiran Kehakiman Islam."--On t.p. | ||
| 502 | |a (D.A.I.J.)--Universiti Islam Antarabangsa Malaysia, 1993. | ||
| 504 | |a Includes bibliographical references (leaves 124-126). | ||
| 650 | 0 | |a Islamic law |x Cases |z Malaysia |9 69349 | |
| 650 | 0 | |a Civil procedure (Islamic law) |9 47325 | |
| 655 | 0 | 7 | |a Theses, IIUM local |
| 710 | 2 | |a International Islamic University Malaysia. |b Ahmad Ibrahim Kulliyyah of Laws | |
| 856 | 4 | |u http://studentrepo.iium.edu.my/handle/123456789/1591 |z Click here to view 1st 24 pages of the thesis. Members can view fulltext at the specified PCs in the library. | |
| 900 | |a ted-bal-hm | ||
| 942 | |2 lcc |n 0 | ||
| 999 | |c 430308 |d 461799 | ||
| 952 | |0 0 |6 LU T BP159M4N268I 1993 |7 0 |8 THESES |9 749505 |a IIUM |b IIUM |c CLOSEACCES |g 0.00 |o lu t BP159M4N268I 1993 |p 00000262895 |r 2017-10-24 |t 1 |v 0.00 |y THESIS | ||
| 952 | |0 0 |6 T BP159M4N268I 1993 |7 0 |8 THESES |9 749506 |a IIUM |b IIUM |c MULTIMEDIA |g 0.00 |o t BP159M4N268I 1993 |p 00010981649 |r 2017-10-17 |t 1 |v 0.00 |y THESIS | ||
| 952 | |0 0 |6 TS CDF BP159M4N268I 1993 |7 0 |8 THESES |9 789352 |a IIUM |b IIUM |c MULTIMEDIA |g 0.00 |o ts cdf BP159M4N268I 1993 |p 11100325613 |r 2017-10-26 |t 1 |v 0.00 |y THESISDIG | ||
